| 000 | 00000nam##2200000za#4500 |
| 001 | 9.688646 |
| 003 | CaOODSP |
| 005 | 20210624231527 |
| 007 | cr ||||||||||| |
| 008 | 150407|2005||||xxc|||||o f|0| 0 eng|d |
| 040 | |aCaOODSP|beng |
| 043 | |an-cn--- |
| 086 | 1 |aSW21-146/2005E-PDF |
| 110 | 1 |aCanada. |bStatus of Women Canada. |
| 245 | 10|aAboriginal women: an issues backgrounder / |h[electronic resource]|c[by] Michelle M. Mann. |
| 260 | |aOttawa - Ontario : |bStatus of Women Canada |c2005. |
| 300 | |a8p.|breferences |
| 590 | |a06-10-Supp|b2006-12-15 |
| 690 | 07|aIndigenous peoples|2gcpds |
| 690 | 07|aInequality|2gcpds |
| 690 | 07|aStatus of women|2gcpds |
| 690 | 07|aWomen|2gcpds |
| 720 | 1 |aMann, Michelle M. |
| 775 | 08|tLes femmes autochtones : un document d'information sur les problèmes / |w(CaOODSP)9.633067 |
| 856 | 40|ahttp://publications.gc.ca|qPDF|s55 KB|uhttps://publications.gc.ca/collections/Collection/SW21-146-2005E.pdf |